| 000 | 00482nam a2200145Ia 4500 | ||
|---|---|---|---|
| 008 | 150610s9999 xx 000 0 und d | ||
| 020 | _a9780439024945 | ||
| 050 |
_aQC981.8 _b.G56D38 2007 |
||
| 100 | _aDavid, Laurie | ||
| 245 | 4 |
_aThe down-to-earth guide to global warming / _cby Laurie David and Cambria Gordon. |
|
| 260 |
_aNew York : _bOrchard Books, _c2007. |
||
| 300 |
_a113pages : _bcol. illustrations ; _c23 cm. |
||
| 504 | _aIncludes index. | ||
| 520 | _aJuvenile literature. | ||
| 999 |
_c288037 _d288037 |
||